War die Tschechoslowakei ein Nationalstaat?

Titel: War die Tschechoslowakei ein Nationalstaat?
Verfasser:
In: Seliger-Gemeinde: Sudeten-Jahrbuch der Seliger-Gemeinde, Band 44 (1995), Seite 25-28
alle Artikel anzeigen
Veröffentlicht: 1995 [1994]
Format: Aufsatz
Sprache: Deutsch
Kein Bild verfügbar
X
alg: 39154780
001A    $01999:11-11-16 
001B    $01999:23-03-21 $t21:44:15.000 
001D    $01999:11-11-16 
001U    $0utf8 
001X    $00 
002@    $0Aox 
003@    $0391547801 
007A    $0391547801 $aHEB 
007T    $0Herd60974 
010@    $ager 
011@    $a1995 $n1995 [1994] 
021A    $aWar die Tschechoslowakei ein Nationalstaat? 
028A    $aHahn $dFred 
031A    $d44 $h25-28 $j1995 
039B    $aIn $8--Abvc--Seliger-Gemeinde [Tb1]. Sudeten-Jahrbuch der Seliger-Gemeinde. - München : Die Brücke, 1952-2003 $x199500000440000975 $9047713011 
045F    $a900.9437109041 $eDDC23BSB 
045F/01 $a900 
045F/03 $f09041 
045F/03 $f09042 
045F/03 $f09043 
045F/03 $g4371 
045F/03 $g4373 

lok: 39154780 78

exp: 39154780 78 1 #EPN
201B/01 $026-11-17 $t00:42:19.000 
201U/01 $0utf8 
203@/01 $0787642010 
208@/01 $a11-11-16 $be 
209A/01 $a/ $f000 $x00 
220C/01 $aTitelaufnehmer: rb 
244Z/01 $#Tschechien $#Tschechische Republik $#Tschechische Republik $#Tschechenland $#Tschechei Tschechien $#Česká Republika $#Czech Republic $#ČR $74303381-7 $8--Tg1--Tschechien $x01 $9086659812 
244Z/01 $2Trx $#Böhmen $#Bohemia $#Czechy $8--Trx--Čechy $x02 $9391188941 
244Z/01 $2Trx $#Slowakische Republik $#Szlovák Köztársaság $#Republika Słowacka $#Slovenská Republika $#Slovensko $#Slowakei $#Słowacja $#Slovensko $8--Trx--Slovenská Republika $x03 $9391345796 
244Z/01 $aGeschichte 1918-1938 $x04 
244Z/01 $2Trx $#rahvusriigid $#tautinės valstybės $#National states $#nemzetállamok $#państwa narodowe $#štáty národné $#státy národní $8--Trx--Nationalstaaten $x05 $9391353896 
244Z/01 $2Trx $#rahvused $#tautybės $#nationalities $#nemzetiségek $#narodowości $#národnosti $#národnosti $#Nationalitätenkonflikte $#konflikty narodowościowe $#konflikty národnostné $#otázka národnostní $8--Trx--Nationalitäten $x06 $9391381296 
244Z/01 $2Trx $8--Trx--Zeitschriftenaufsatz $x07 $9391384341 
245Z/01 $a06.04.02 $x01 
247C/01 $82080>Marburg/Lahn, Herder-Institut, Forschungsbibliothek, Bibliographieportal $9336309341
LEADER 00000caa a22000002c 4500
001 391547801
003 DE-603
005 20210323214415.0
007 tu
008 161111s1995 xx |||| | u00||u|ger c
035 |a (DE-599)HEB391547801 
040 |a DE-603  |b ger  |c DE-603  |d DE-603 
041 |a ger 
082 0 4 |8 1\u  |a 900.9437109041  |q DE-101  |2 23/BSB 
085 |8 1\u  |b 900 
085 |8 1\u  |z 1  |s 09041 
085 |8 1\u  |z 1  |s 09042 
085 |8 1\u  |z 1  |s 09043 
085 |8 1\u  |z 2  |s 4371 
085 |8 1\u  |z 2  |s 4373 
100 1 |a Hahn, Fred 
245 0 0 |a War die Tschechoslowakei ein Nationalstaat? 
264 0 |c 1995 [1994] 
773 0 8 |i In  |a Seliger-Gemeinde  |t Sudeten-Jahrbuch der Seliger-Gemeinde  |d München : Die Brücke, 1952-2003  |h 21 cm  |g Band 44 (1995), Seite 25-28  |w (DE-603)047713011  |w (DE-600)511910-8 
924 0 |9 2080  |a (DE-603)787642010  |b DE-2080  |c HES  |d d  |g /